| 000 | 00436nam a22001697a 4500 | ||
|---|---|---|---|
| 003 | MPLRDC | ||
| 005 | 20220104144525.0 | ||
| 008 | 210129b ||||| |||| 00| 0 eng d | ||
| 082 | _a855 YDG-2 c.5 | ||
| 100 | _a殷登国著 | ||
| 245 |
_a草木虫鱼新咏 _c |
||
| 260 |
_a _b新风文化事业公司 _c |
||
| 300 | _b平 | ||
| 490 | _a传记、掌故、趣闻;24 | ||
| 650 | _a散文;随笔、日记 | ||
| 942 |
_cBK _o855 YDG-2 c.5 |
||
| 999 |
_c50452 _d50442 |
||